000 00701nam a2200217Ia 4500
003 GCL
008 140319s9999 xx 000 0 ara d
040 _aGCL /
_cGCL
082 0 4 _a811.2
_bع ا
100 1 _aعثمان محمد على العبادلة
245 1 0 _aالقاب الشعراء بين الجاهلية والاسلام /
_cعثمان محمد على العبادلة
260 _a[S.N] :
_bدار النهضة العربية ،
_c1991
300 _a88 ص
490 _a
650 0 4 _aالشعر العربى
650 0 4 _aالعصر الجاهلى
650 0 4 _aصدر الاسلام
650 0 4 _aالشعراء
650 0 4 _aالرتب والالقاب
942 _2ddc
_cBK
999 _c32503
_d32503